000 00289nam a22001217a 4500
082 _a920
_bRAW/I
100 _aRAWAT,INDIRA SINGH
245 _aINDIAN EXPLORES OF THE 19TH CENTURY
260 _aINDIA
_bDIVISION PUBLICATIONS
300 _a228
650 _a19TH CENTURY
_zINDIA
942 _cBK
999 _c6730
_d6730